Сверхъестественное (Запись № 11761322)

Подробности
000 -МАРКЕР
контрольное поле 01405nam0a2200337 4500
001 - ИДЕНТИФИКАТОР ЗАПИСИ
контрольное поле RU\NLR\BIBL_A\011778038
005 - ИДЕНТИФИКАТОР ВЕРСИИ
контрольное поле 20181214133802.0
010 ## - МЕЖДУНАРОДНЫЙ СТАНДАРТНЫЙ НОМЕР КНИГИ (ISBN)
Номер (ISBN) 978-5-17-108306-9
Тираж 5000
021 ## - НОМЕР ГОСУДАРСТВЕННОЙ РЕГИСТРАЦИИ
Код страны Российская Федерация
Номер КН-П-18-055282
Номер Листа государственной регистраци КН-П-18-3985
035 ## - ДРУГИЕ СИСТЕМНЫЕ НОМЕРА
Идентификатор записи (NLR Aleph) 011778038
035 ## - ДРУГИЕ СИСТЕМНЫЕ НОМЕРА
Идентификатор записи (RuMoRGB)009700447
100 ## - ДАННЫЕ ОБЩЕЙ ОБРАБОТКИ
Данные общей обработки 20180827d2018 u y0rusy50 ca
101 1# - ЯЗЫК РЕСУРСА
Язык текста, звукозаписи и т.д. русский
Язык оригинала английский
102 ## - СТРАНА ПУБЛИКАЦИИ ИЛИ ПРОИЗВОДСТВА
Страна публикации Российская Федерация
105 ## - ПОЛЕ КОДИРОВАННЫХ ДАННЫХ: ТЕКСТОВЫЕ МАТЕРИАЛЫ, МОНОГРАФИЧЕСКИЕ
Кодированные данные о монографическом текстовом документе y zzzz0|000ay
200 1# - ЗАГЛАВИЕ И СВЕДЕНИЯ ОБ ОТВЕТСТВЕННОСТИ
Основное заглавие Сверхъестественное
Наименование части Война сынов
Сведения, относящиеся к заглавию [роман
-- по мотивам сериала]
Первые сведения об ответственности Ребекка Дессертайн, Дэвид Рид
Последующие сведения об ответственности [пер. с англ. Е. Цирюльниковой]
210 ## - ПУБЛИКАЦИЯ, РАСПРОСТРАНЕНИЕ И ДР.
Место издания, распространения и т.д. Москва
Имя издателя, распространителя и т. д. АСТ
Дата издания, распространения и т.д. 2018
215 ## - ФИЗИЧЕСКАЯ ХАРАКТЕРИСТИКА
Специфическое обозначение материала и объем 319 с.
Размеры 21
225 1# - СЕРИЯ
Основное заглавие серии Сверхъестественное
500 10 - УНИФИЦИРОВАННОЕ ЗАГЛАВИЕ
Графика поля Кириллица
Унифицированное заглавие Сверхъестественное
Сведения, относящиеся к заглавию/сведения о виде, жанре, характере документа Сериал
Системный номер авторитетной/нормативной записи 2637344
Идентификатор авторитетной / нормативной записи RU\NLR\AUTH\5506371
686 1# - ИНДЕКСЫ ДРУГИХ КЛАССИФИКАЦИЙ
Индекс Ш6(7США)67-445(Д){Лх1979-62(Д)}
686 1# - ИНДЕКСЫ ДРУГИХ КЛАССИФИКАЦИЙ
Индекс Ш6(7США)67-445(Р){Лх1979-62(Р)}
700 #1 - ИМЯ ЛИЦА - ПЕРВИЧНАЯ ОТВЕТСТВЕННОСТЬ
Графика поля Кириллица
Материалы, к которым относится поле rus
Начальный элемент ввода Дессертайн
Часть имени, кроме начального элемента ввода Р.
Расширение инициалов личного имени Ребекка
Системный номер авторитетной/нормативной записи 198592
Идентификатор авторитетной/нормативной записи RU\NLR\AUTH\770198643
701 #1 - ИМЯ ЛИЦА - АЛЬТЕРНАТИВНАЯ ОТВЕТСТВЕННОСТЬ
Графика поля Кириллица
Материалы, к которым относится поле rus
Начальный элемент ввода Рид
Часть имени, кроме начального элемента ввода Д.
Даты писатель, сценарист
Расширение инициалов личного имени Дэвид
Системный номер авторитетной/нормативной записи 198594
Идентификатор авторитетной/нормативной записи RU\NLR\AUTH\770198645
942 ## - ДОПОЛНИТЕЛЬНЫЕ ЭЛЕМЕНТЫ ЗАПИСИ (АБИС)
Тип экземпляра АБИС Книга
980 ## - КОЛЛЕКЦИЯ
Название коллекции НБР
980 ## - КОЛЛЕКЦИЯ
Название коллекции Национальная библиография

Нет доступных экземпляров.